000 00517nam a2200193Ia 4500
003 GCL
008 140319s9999 xx 000 0 eng d
040 _aGCL /
_cGCL
082 0 4 _a616.07
_bR U
100 1 _aRINGSRAD, KAREN
245 1 0 _aURINALYSIS AND BODY FLUIDS : ACOLOR TEXT AND ATLAS /
_cRINGSRAD, KAREN
700 1 _aBODY FLUIDS - ATLASES
700 1 _aMUNSON
260 _a[S.N] :
_bMOSBY ،
_c1994
300 _a249
650 0 4 _aURINE - ANALYSIS
650 0 4 _aBODY FLUIDS, ANALYSIS
942 _2ddc
_cBK
999 _c10701
_d10701